<?xml version="1.0" encoding="UTF-8"?>
<record
    xmlns:xsi="http://www.w3.org/2001/XMLSchema-instance"
    xsi:schemaLocation="http://www.loc.gov/MARC21/slim http://www.loc.gov/standards/marcxml/schema/MARC21slim.xsd"
    xmlns="http://www.loc.gov/MARC21/slim">

  <leader>01821nam a2200253Ia 4500</leader>
  <controlfield tag="003">OSt</controlfield>
  <controlfield tag="005">20250531092820.0</controlfield>
  <controlfield tag="008">210210b2004   xxu||||| |||| 00| 0 eng d</controlfield>
  <datafield tag="040" ind1=" " ind2=" ">
    <subfield code="c">AL</subfield>
  </datafield>
  <datafield tag="041" ind1=" " ind2=" ">
    <subfield code="a">Kannada</subfield>
  </datafield>
  <datafield tag="082" ind1=" " ind2=" ">
    <subfield code="a">K894.3 DSOB</subfield>
  </datafield>
  <datafield tag="100" ind1=" " ind2=" ">
    <subfield code="a">DSOUZA (Na)</subfield>
    <subfield code="9">86271</subfield>
    <subfield code="d">&#xCA8;&#xCBE; &#xCA1;&#xCBF;&#xCB8;&#xCCB;&#xC9C;&#xCBE; </subfield>
  </datafield>
  <datafield tag="245" ind1=" " ind2=" ">
    <subfield code="a">Baman</subfield>
    <subfield code="b">&#xCAC;&#xCBE;&#xCAE;&#xCA3;&#xCCD;</subfield>
  </datafield>
  <datafield tag="260" ind1=" " ind2=" ">
    <subfield code="a">Bengaluru</subfield>
    <subfield code="b">Ankita Pustaka</subfield>
    <subfield code="c">2004</subfield>
  </datafield>
  <datafield tag="300" ind1=" " ind2=" ">
    <subfield code="a">160</subfield>
  </datafield>
  <datafield tag="520" ind1=" " ind2=" ">
    <subfield code="a">&#xCB8;&#xCBE;&#xCB9;&#xCBF;&#xCA4;&#xCBF; &#xCA8;&#xCBE;.&#xCA1;&#xCBF;&#xCB8;&#xCCB;&#xC9C; &#xC85;&#xCB5;&#xCB0; &#xC95;&#xCBE;&#xCA6;&#xC82;&#xCAC;&#xCB0;&#xCBF; &#xCAC;&#xCBE;&#xCAE;&#xCA3;&#xCCD;. &#xC95;&#xCA8;&#xCCD;&#xCA8;&#xCA1; &#xC95;&#xCA5;&#xCC6; &#xC95;&#xCBE;&#xCA6;&#xC82;&#xCAC;&#xCB0;&#xCBF;&#xC97;&#xCB3;&#xCB2;&#xCCD;&#xCB2;&#xCBF; &#xCAC;&#xCC7;&#xCB0;&#xCC6; &#xCB8;&#xCAE;&#xCC1;&#xCA6;&#xCBE;&#xCAF;&#xCA6;&#xCB5;&#xCB0; &#xCAC;&#xCA6;&#xCC1;&#xC95;&#xCC1; &#xCAC;&#xCBF;&#xC9A;&#xCCD;&#xC9A;&#xCBF;&#xC95;&#xCCA;&#xC82;&#xCA1;&#xC82;&#xCA4;&#xCC6; &#xC95;&#xCCD;&#xCB0;&#xCBF;&#xCB6;&#xCCD;&#xC9A;&#xCBF;&#xCAF;&#xCA8;&#xCCD;&#xCA8;&#xCB0; &#xCAC;&#xC97;&#xCCD;&#xC97;&#xCC6; &#xCAC;&#xCBF;&#xC9A;&#xCCD;&#xC9A;&#xCBF;&#xC95;&#xCCA;&#xC82;&#xCA1;&#xCBF;&#xCB2;&#xCCD;&#xCB2;. &#xC88; &#xCA8;&#xCBE;&#xCA1;&#xCBF;&#xCA8;&#xCB2;&#xCCD;&#xCB2;&#xCBF; &#xC95;&#xCCD;&#xCB0;&#xCBF;&#xCB6;&#xCCD;&#xC9A;&#xCBF;&#xCAF;&#xCA8;&#xCCD;&#xCA8;&#xCB0;&#xCC1; &#xCB9;&#xCC7;&#xC97;&#xCC6; &#xCAC;&#xCA6;&#xCC1;&#xC95;&#xCBF;&#xCA6;&#xCCD;&#xCA6;&#xCB0;&#xCC1;? &#xC85;&#xCB5;&#xCB0; &#xCAC;&#xCA6;&#xCC1;&#xC95;&#xCBF;&#xCA8; &#xCA8;&#xCC6;&#xCB2;&#xCC6; &#xCB8;&#xCC6;&#xCB2;&#xCC6;&#xC97;&#xCB3;&#xCC7;&#xCA8;&#xCC1;? &#xC8E;&#xC82;&#xCAC;&#xCC1;&#xCA6;&#xCC1; &#xC87;&#xCA4;&#xCB0;&#xCB0;&#xCBF;&#xC97;&#xCC6; &#xCA4;&#xCBF;&#xCB3;&#xCBF;&#xCAF;&#xCAC;&#xCC7;&#xC95;&#xCC1; &#xCB9;&#xCBE;&#xC97;&#xCC6;&#xCAF;&#xCC7; &#xC95;&#xCCD;&#xCB0;&#xCBF;&#xCB6;&#xCCD;&#xC9A;&#xCBF;&#xCAF;&#xCA8;&#xCCD;&#xCA8;&#xCB0;&#xCC1; &#xCA4;&#xCAE;&#xCCD;&#xCAE; &#xCAC;&#xCA6;&#xCC1;&#xC95;&#xCA8;&#xCCD;&#xCA8;&#xCC1; &#xCB5;&#xCBF;&#xCAE;&#xCB0;&#xCCD;&#xCB6;&#xCC6;, &#xCB5;&#xCBF;&#xCB6;&#xCCD;&#xCB2;&#xCC7;&#xCB7;&#xCA3;&#xCC6;, &#xC85;&#xCB5;&#xCB2;&#xCCB;&#xC95;&#xCA8;&#xC95;&#xCCD;&#xC95;&#xCC6; &#xCAC;&#xCBF;&#xC9A;&#xCCD;&#xC9A;&#xCBF;&#xC95;&#xCCA;&#xCB3;&#xCCD;&#xCB3;&#xCAC;&#xCC7;&#xC95;&#xCC1;. &#xCA4;&#xCAE;&#xCCD;&#xCAE; &#xCB8;&#xCC1;&#xCA4;&#xCCD;&#xCA4; &#xC95;&#xC9F;&#xCCD;&#xC9F;&#xCBF;&#xC95;&#xCCA;&#xC82;&#xCA1;&#xCBF;&#xCB0;&#xCC1;&#xCB5; &#xCB8;&#xCC1;&#xCB3;&#xCCD;&#xCB3;&#xCC1; &#xC95;&#xCB2;&#xCCD;&#xCAA;&#xCA8;&#xCC6;&#xC97;&#xCB3;&#xCA8;&#xCCD;&#xCA8;&#xCC1; &#xC95;&#xCB3;&#xC9A;&#xCBF;&#xC95;&#xCCA;&#xC82;&#xCA1;&#xCC1; &#xC85;&#xCB5;&#xCB0;&#xCC1; &#xCA8;&#xCBF;&#xCB2;&#xCCD;&#xCB2;&#xCAC;&#xCC7;&#xC95;&#xCC1;.'' &#xC88; &#xCA8;&#xCBF;&#xC9F;&#xCCD;&#xC9F;&#xCBF;&#xCA8;&#xCB2;&#xCCD;&#xCB2;&#xCBF; &#xC92;&#xC82;&#xCA6;&#xCC1; &#xCAA;&#xCCD;&#xCB0;&#xCAF;&#xCA4;&#xCCD;&#xCA8; &#xCA1;&#xCBF;&#xCB8;&#xCCB;&#xC9C;&#xCB0; "&#xCAC;&#xCBE;&#xCAE;&#xCA3;&#xCCD;" &#xC8E;&#xC82;&#xCAC; &#xCB5;&#xCBF;&#xCB6;&#xCBF;&#xCB7;&#xCCD;&#xC9F; &#xC95;&#xCBE;&#xCA6;&#xC82;&#xCAC;&#xCB0;&#xCBF;.</subfield>
  </datafield>
  <datafield tag="650" ind1=" " ind2=" ">
    <subfield code="a">Baman</subfield>
    <subfield code="9">86272</subfield>
  </datafield>
  <datafield tag="650" ind1=" " ind2=" ">
    <subfield code="a">Bamonn</subfield>
    <subfield code="9">86308</subfield>
  </datafield>
  <datafield tag="650" ind1=" " ind2=" ">
    <subfield code="a">disoja</subfield>
    <subfield code="9">211963</subfield>
  </datafield>
  <datafield tag="650" ind1=" " ind2=" ">
    <subfield code="a">Bomman</subfield>
    <subfield code="9">86293</subfield>
  </datafield>
  <datafield tag="690" ind1=" " ind2=" ">
    <subfield code="a">Kannada Fiction</subfield>
    <subfield code="9">86275</subfield>
  </datafield>
  <datafield tag="906" ind1=" " ind2=" ">
    <subfield code="a">066384</subfield>
  </datafield>
  <datafield tag="942" ind1=" " ind2=" ">
    <subfield code="2">ddc</subfield>
    <subfield code="c">BK</subfield>
  </datafield>
  <datafield tag="999" ind1=" " ind2=" ">
    <subfield code="c">87002</subfield>
    <subfield code="d">87002</subfield>
  </datafield>
  <datafield tag="952" ind1=" " ind2=" ">
    <subfield code="0">0</subfield>
    <subfield code="1">0</subfield>
    <subfield code="2">ddc</subfield>
    <subfield code="4">0</subfield>
    <subfield code="7">0</subfield>
    <subfield code="8">KAN</subfield>
    <subfield code="a">AL</subfield>
    <subfield code="b">AL</subfield>
    <subfield code="d">2021-02-17</subfield>
    <subfield code="e">Athree Book Centre Balmatta, Mangalore-01</subfield>
    <subfield code="g">80.00</subfield>
    <subfield code="l">4</subfield>
    <subfield code="o">K894.3 DSOB</subfield>
    <subfield code="p">066384</subfield>
    <subfield code="r">2024-03-14 00:00:00</subfield>
    <subfield code="s">2024-03-02</subfield>
    <subfield code="w">2021-02-17</subfield>
    <subfield code="y">BK</subfield>
  </datafield>
</record>
